| 000 | 01069cam a22003374a 4500 | ||
|---|---|---|---|
| 001 | 10160072 | ||
| 003 | OSt | ||
| 005 | 20211105124348.0 | ||
| 006 | m d | ||
| 007 | cr n | ||
| 008 | 110601s2011 nyua sb 001 0 eng d | ||
| 020 | _a9780071743891 (alk. paper) | ||
| 035 | _a(WaSeSS)ssj0000582170 | ||
| 038 | _akhadija | ||
| 040 |
_aDLC _cDLC _dYDX _dYDXCP _dDLC _dWaSeSS |
||
| 050 | 4 |
_aTS227 _b.S55 2011 |
|
| 082 | 0 | 0 |
_a621.84 _223 _bSKO |
| 100 | 1 |
_aSkousen, Philip L. _983686 |
|
| 210 | 1 | 0 | _aValve Handbook |
| 245 | 1 | 0 |
_aVALVE Handbook / _cPhilip L. Skousen. |
| 250 | _a3rd ed. | ||
| 260 |
_aNew York : _bMcGraw-Hill, _cc2011. |
||
| 504 | _aIncludes bibliographical references and index. | ||
| 506 | _aLicense restrictions may limit access. | ||
| 563 | _aHardcover | ||
| 650 | 0 |
_aValves _vHandbooks, manuals, etc. _983687 |
|
| 773 | 0 | _tAccessEngineering | |
| 856 | 4 | 0 |
_uhttp://www.columbia.edu/cgi-bin/cul/resolve?clio10160072 _zFull text available from AccessEngineering |
| 910 | _aLibrary of Congress record | ||
| 942 |
_2ddc _cBK |
||
| 999 |
_c33986 _d33986 |
||